| 000 | 00538nam a2200181Ia 4500 | ||
|---|---|---|---|
| 999 |
_c15861 _d15861 |
||
| 003 | OSt | ||
| 005 | 20200606115836.0 | ||
| 008 | 190216s9999||||xx |||||||||||||| ||und|| | ||
| 020 | _a817457140X | ||
| 040 | _cMESKC library | ||
| 082 |
_a891.43 _bKHA/H |
||
| 100 |
_a Khandeval, Jayakrishnaprasad _9302 |
||
| 245 | 0 |
_aHindi Sahithya ki Pravrthiyam / _cJayakrishnaprasad Khandeval |
|
| 260 |
_bVinod Pusthak Mandir, _aAgra: |
||
| 300 | _a800p | ||
| 650 | _aHindi | ||
| 942 |
_cBK _2ddc _h891.43 _iKHA/H _k891.43 _mKHA/H |
||